LEADER 01075nam a2200205 i 4500 001 000000021552 003 CaOOAMICUS 005 20180830125445.0 008 180830s1948 it u000 u ita u 040 $aSeMil$bita 245 10$aAmalarii episcopi. Opera liturgica omnia /$cedita a Ioanne Michaele Hanssens presbytero Societatis Iesu. 260 $aCittà del Vaticano :$bBiblioteca Apostolica Vaticana,$c1948-1950. 300 $a3 v. ;$c26 cm. 700 1 $aHanssens, Jean Michel .$0(OLS)http://semarc/name/9628 773 0 $tStudi e testi.$dCittà del Vaticano : Biblioteca Apostolica Vaticana, [19?]$w()89 774 0 $tIntroductio. Opera minora.$kStudi e testi$gTomus1$w()180087 774 0 $tLiber Officialis.$kStudi e testi$gTomus2$w()180088 774 0 $tLiber de ordine antiphonarii. Eclogae de ordine romano. Appendix tomi 1. et 2. Indices.$kStudi e testi$gTomus3$w()180089 996 $6245$aAmalarii episcopi. Opera liturgica omnia$9(OLS)http://semarc/title/28541 996 $6260$aCittà del Vaticano :$bBiblioteca Apostolica Vaticana$9(OLS)http://semarc/publisher/29667 LEADER 01140nam a2200241 i 4500 001 000000034983 003 CaOOAMICUS 005 20140306000000.0 008 140306s1953 xx u000 u fre u 013 $a2583 040 $aSeMil$bita 100 1 $aIsaac, J.$0(OLS)http://semarc/name/16144 245 13$aLe "Peri Hermeneias" en Occident, de Boèce à Saint Thomas :$bhistoire littéraire d'un traité d'Aristote /$cPar J. Isaac , O. P. 260 $aParis :$bLibrairie Philosophique J. Vrin,$c1953. 300 $a192 p. ;$c26 cm. 490 0 $aBibliothèque thomiste ;$v29. 500 $aContiene : Appendices. 650 4$aAristotele <384-322 a.C.> . De interpretatione.$0(OLS)http://semarc/subject/6169 830 0$aBibliothèque thomiste ;$v29.$0(OLS)http://semarc/title/124 850 $aSeMil 852 $aSeMil$W1$xVenegono$y1$m2N VI 179$j1138$B1138$CSeMilBibl$Z2$F1138 $81 996 $6245$aLe "Peri Hermeneias" en Occident, de Boèce à Saint Thomas :$bhistoire littéraire d'un traité d'Aristote$9(OLS)http://semarc/title/47603 996 $6260$aParis :$bLibrairie Philosophique J. Vrin$9(OLS)http://semarc/publisher/30022